<?xml version="1.0" encoding="UTF-8"?>
<marc:record xmlns:marc="http://www.loc.gov/MARC21/slim">
   <marc:leader>00000nam a2200000 a 4500</marc:leader>
   <marc:datafield ind1="1" ind2=" " tag="100">
      <marc:subfield code="a">Heller, Ágnes</marc:subfield>
      <marc:subfield code="4">aut</marc:subfield>
      <marc:subfield code="e">Verfasser/-in</marc:subfield>
   </marc:datafield>
   <marc:datafield ind1=" " ind2=" " tag="653">
      <marc:subfield code="a">Vorurteil</marc:subfield>
   </marc:datafield>
   <marc:datafield ind1=" " ind2=" " tag="653">
      <marc:subfield code="a">Softcover / Philosophie</marc:subfield>
   </marc:datafield>
   <marc:datafield ind1="0" ind2="0" tag="245">
      <marc:subfield code="a">Die Welt der Vorurteile</marc:subfield>
   </marc:datafield>
   <marc:datafield ind1="0" ind2="0" tag="245">
      <marc:subfield code="b">Geschichte und Grundlagen für Menschliches und Unmenschliches</marc:subfield>
   </marc:datafield>
   <marc:datafield ind1="0" ind2="0" tag="245">
      <marc:subfield code="c">Ágnes Heller. Hrsg. vom Sir-Peter-Ustinov-Institut zur Erforschung und Bekämpfung von Vorurteilen</marc:subfield>
   </marc:datafield>
   <marc:datafield ind1=" " ind2="1" tag="264">
      <marc:subfield code="a">Wien</marc:subfield>
      <marc:subfield code="b">Ed. Konturen</marc:subfield>
      <marc:subfield code="c">2014</marc:subfield>
   </marc:datafield>
   <marc:datafield ind1="1" ind2=" " tag="520">
      <marc:subfield code="a">Angaben aus der Verlagsmeldung

Die Welt der Vorurteile : Geschichte und Grundlagen für Menschliches und Unmenschliches / von Ágnes Heller

Ágnes Heller greift zurück bis in die Antike, um zu zeigen, unter welchen Umständen Vorurteile entstehen können. Sie fragt nach gesellschaft lichen und psychologischen Voraussetzungen und analysiert die grundlegenden Vorurteile der Moderne: rassische, ethnische und religiöse Vorurteile, Klassenvorurteile, Vorurteile gegen Frauen und sexuelle Vorurteile. Von Sokrates bis Shakespeare, von Leibniz über Weber bis Foucault und Luhmann führt uns die Grande Dame der Philosophie vor Augen, was sie auch persönlich im 20. und 21. Jahrhundert erlebt hat und noch erlebt: einen ganzen Kosmos von Vorurteilen.
</marc:subfield>
   </marc:datafield>
   <marc:datafield ind1=" " ind2=" " tag="020">
      <marc:subfield code="a">9783902968036</marc:subfield>
      <marc:subfield code="9">9783902968036</marc:subfield>
   </marc:datafield>
   <marc:datafield ind1=" " ind2=" " tag="041">
      <marc:subfield code="a">ger</marc:subfield>
   </marc:datafield>
   <marc:datafield ind1=" " ind2=" " tag="300">
      <marc:subfield code="a">161 S.</marc:subfield>
   </marc:datafield>
</marc:record>
